000 00474cam a2200145 4500500
005 20260322004745.0
041 _afre
042 _adc
100 1 0 _aToranian, Valérie
_eauthor
245 0 0 _aLe stupéfiant retour en grâce de la race
260 _c2021.
500 _a68
786 0 _nRevue des deux Mondes | ovembre | 8 | 2021-11-01 | p. 4-7 | 2266-4734
856 4 1 _uhttps://shs.cairn.info/revue-revue-des-deux-mondes-2021-8-page-4?lang=fr&redirect-ssocas=7080
999 _c1742857
_d1742857